[Event "Ct. Tarragona indiv. Absolut"]
[Site "L'Hospitalet de l'Infant"]
[Date "2013.10.20"]
[Round "3"]
[White "Ordobas Martinez, V."]
[Black "Celma Querol, C."]
[Result "1-0"]
[WhiteElo "2074"]
[BlackElo "1818"]
[PlyCount "91"]
[EventDate "2013.??.??"]
[EventType "swiss"]
[EventRounds "9"]

1. e4 d5 2. exd5 Qxd5 3. Nc3 Qa5 4. d4 Nf6 5. Nf3 Bg4 6. h3 Bh5 7. g4 Bg6 8.
Bc4 Nbd7 9. Bd2 c6 10. Qe2 e6 11. O-O-O Qc7 12. h4 h5 13. g5 Nd5 14. Bd3 Bxd3
15. Qxd3 g6 16. Rhe1 O-O-O 17. Ne2 Bd6 18. Qe4 Rhe8 19. c4 Ne7 20. c5 Bxc5 21.
dxc5 Nxc5 22. Qe3 Nd3+ 23. Kb1 Nxe1 24. Rxe1 Nd5 25. Qxa7 Qb8 26. Qa4 Nb6 27.
Qb3 Nd5 28. Rc1 Qd6 29. Ned4 e5 30. Nb5 Qb8 31. Qa4 Nb6 32. Qa3 Qa8 33. Nd6+
Rxd6 34. Qxd6 Qa4 35. Qb4 Qa6 36. Be3 Nd5 37. Qd2 Nxe3 38. Qxe3 Qa4 39. Nxe5
Qxh4 40. f4 Qh2 41. Qe4 Qd2 42. f5 Qxg5 43. Rxc6+ bxc6 44. Qxc6+ Kb8 45. Nd7+
Ka7 46. Qb6+ 1-0

[Event "Ct. Tarragona indiv. Absolut"]
[Site "L'Hospitalet de l'Infant"]
[Date "2013.10.20"]
[Round "3"]
[White "Rodriguez Marcos, JR."]
[Black "Plasencia Martinez, V."]
[Result "0-1"]
[WhiteElo "1985"]
[BlackElo "2191"]
[PlyCount "53"]
[EventDate "2013.??.??"]
[EventType "swiss"]
[EventRounds "9"]

1. e4 c5 2. Nf3 d6 3. d4 cxd4 4. Nxd4 Nf6 5. Nc3 g6 6. Be3 Bg7 7. f3 O-O 8. Qd2
Nc6 9. g4 Nxd4 10. Bxd4 Be6 11. h4 Qa5 12. h5 Rfc8 13. hxg6 hxg6 14. g5 Nh5 15.
Bxg7 Nxg7 16. Bh3 Rc5 17. f4 Qb4 18. Bxe6 fxe6 19. O-O-O Rac8 20. Rh3 R8c6 21.
Rdh1 Rb6 22. Nd1 Qxe4 23. Rh8+ Kf7 24. R1h7 Rc4 25. Rb8 Rd4 26. Rhh8 e5 27. Ne3
0-1

[Event "Ct. Tarragona indiv. Absolut"]
[Site "L'Hospitalet de l'Infant"]
[Date "2013.10.27"]
[Round "4"]
[White "Beltran Reverter, JM."]
[Black "Benaiges Fontanet, G."]
[Result "0-1"]
[WhiteElo "1825"]
[BlackElo "2053"]
[PlyCount "82"]
[EventDate "2013.??.??"]
[EventType "swiss"]
[EventRounds "9"]

1. d4 Nf6 2. c4 c5 3. d5 b5 4. cxb5 a6 5. Nc3 d6 6. e3 g6 7. Bd3 Bg7 8. f3 O-O
9. Nge2 Bb7 10. e4 Nbd7 11. O-O Ne5 12. bxa6 Bxa6 13. Bxa6 Rxa6 14. b3 c4 15.
Be3 Qa8 16. Nd4 Rc8 17. b4 Nd3 18. Nc6 Qb7 19. a4 Nxd5 20. Nxd5 Raxc6 21. b5
Rc5 22. Rb1 e6 23. Bxc5 Rxc5 24. Nb4 Nxb4 25. Rxb4 Qb6 26. Kh1 c3 27. Qc2 Rh5
28. a5 Qxa5 29. Ra4 Qxb5 30. Ra8+ Bf8 31. Rb1 Qe5 32. g4 Rh3 33. Rbb8 Rxf3 34.
Rxf8+ Kg7 35. Rg8+ Kf6 36. Qg2 Qxe4 37. g5+ Kf5 38. Ra1 d5 39. Rf1 Ke5 40. h3
Rxh3+ 41. Kg1 Qe3+ 0-1

[Event "Ct. Tarragona indiv. Absolut"]
[Site "L'Hospitalet de l'Infant"]
[Date "2013.10.27"]
[Round "4"]
[White "Bru Rullo, L."]
[Black "Esplugas Esteve, V."]
[Result "1/2-1/2"]
[WhiteElo "2151"]
[BlackElo "2231"]
[PlyCount "73"]
[EventDate "2013.??.??"]
[EventType "swiss"]
[EventRounds "9"]

1. e4 e6 2. d4 d5 3. Nd2 Nc6 4. Ngf3 Nf6 5. e5 Nd7 6. Nb3 Be7 7. Bb5 O-O 8. O-O
a6 9. Bxc6 bxc6 10. Na5 c5 11. Nc6 Qe8 12. c3 a5 13. Be3 a4 14. Qc2 Ra6 15.
Nxe7+ Qxe7 16. Rfc1 f6 17. exf6 Qxf6 18. Re1 c4 19. b3 Bb7 20. Nd2 Nb6 21. f3
cxb3 22. axb3 Bc6 23. bxa4 Bxa4 24. Qb2 Qg6 25. Qb1 Bc2 26. Qb5 Rxa1 27. Rxa1
Nc4 28. Nxc4 Qd3 29. Qb4 dxc4 30. Re1 h6 31. Bf2 Ra8 32. h3 Kh7 33. Qb2 Bb3 34.
Ra1 Rxa1+ 35. Qxa1 Qd2 36. Qe1 Qxe1+ 37. Bxe1 1/2-1/2

[Event "Ct. Tarragona indiv. Absolut"]
[Site "L'Hospitalet de l'Infant"]
[Date "2013.10.27"]
[Round "4"]
[White "Fernandez Fuentes, FX."]
[Black "Regue Farran, E."]
[Result "1-0"]
[WhiteElo "2119"]
[BlackElo "2053"]
[PlyCount "67"]
[EventDate "2013.??.??"]
[EventType "swiss"]
[EventRounds "9"]

1. d4 d5 2. Nf3 Nf6 3. e3 e6 4. Bd3 c5 5. b3 cxd4 6. exd4 Nc6 7. a3 Be7 8. O-O
O-O 9. Nbd2 b6 10. Bb2 Bb7 11. Qe2 Rc8 12. Ne5 Bd6 13. f4 Ne7 14. Rae1 g6 15.
Ndf3 Bxe5 16. dxe5 Nh5 17. Nd4 Nc6 18. f5 Nxd4 19. Bxd4 Qh4 20. Bf2 Qg5 21. Be3
Qh4 22. f6 d4 23. Bh6 Ng3 24. hxg3 Qxh6 25. Rf4 Rfd8 26. Qg4 Qf8 27. b4 Rc3 28.
Rxd4 Rxd4 29. Qxd4 Rxa3 30. Rd1 h5 31. Qd7 Bd5 32. c4 Ba8 33. Qe7 Qc8 34. Bxg6
1-0

[Event "Ct. Tarragona indiv. Absolut"]
[Site "L'Hospitalet de l'Infant"]
[Date "2013.10.27"]
[Round "4"]
[White "Guasch Figuerola, A."]
[Black "Vicient Calvo, R."]
[Result "0-1"]
[WhiteElo "2072"]
[BlackElo "1932"]
[PlyCount "89"]
[EventDate "2013.??.??"]
[EventType "swiss"]
[EventRounds "9"]

1. c4 e6 2. Nf3 b6 3. Nc3 Bb7 4. e4 g6 5. d4 Bg7 6. Bg5 Ne7 7. Qd2 h5 8. Be2 d6
9. O-O Nd7 10. b4 f6 11. Be3 g5 12. c5 bxc5 13. bxc5 dxc5 14. dxc5 Nc6 15. Rab1
Rb8 16. Rb5 g4 17. Nd4 Nxd4 18. Qxd4 c6 19. Rb3 Qc7 20. Rfb1 Kf7 21. f4 Ba8 22.
Bc4 Rxb3 23. Bxb3 Rd8 24. Qc4 Nf8 25. f5 g3 26. fxe6+ Ke7 27. hxg3 Qxg3 28. Bf2
Qe5 29. Nd1 Bh6 30. Qe2 Nxe6 31. Bxe6 Kxe6 32. Qf3 Rd7 33. Ne3 Bxe3 34. Bxe3
Bb7 35. Rc1 Ba6 36. Bf4 Qd4+ 37. Kh2 Bd3 38. Qh3+ f5 39. Qxf5+ Ke7 40. Bg5+ Ke8
41. Qg6+ Kf8 42. Qxc6 Qe5+ 43. g3 Qxg5 44. Qxd7 Qd2+ 45. Kh3 0-1

[Event "Ct. Tarragona indiv. Absolut"]
[Site "L'Hospitalet de l'Infant"]
[Date "2013.10.27"]
[Round "4"]
[White "Negreiro Pozo, B."]
[Black "Moser, W."]
[Result "1-0"]
[WhiteElo "1967"]
[BlackElo "1900"]
[PlyCount "75"]
[EventDate "2013.??.??"]
[EventType "swiss"]
[EventRounds "9"]

1. e4 c5 2. Nf3 Nc6 3. c3 d5 4. exd5 Qxd5 5. d4 e6 6. Be2 Nf6 7. O-O Be7 8. Be3
cxd4 9. cxd4 O-O 10. Nc3 Qd6 11. Qd2 Nd5 12. Ne4 Qd8 13. Nc3 a6 14. a3 b5 15.
Ne5 Bb7 16. Nxd5 Nxe5 17. Nxe7+ Qxe7 18. dxe5 Rad8 19. Qb4 Qc7 20. f4 Bd5 21.
Rac1 Qb7 22. Bf3 g6 23. Bc5 Rfe8 24. Bd6 Rc8 25. Bxd5 Qxd5 26. Rfd1 Qb7 27. h3
Rc6 28. Rxc6 Qxc6 29. Qc5 Qxc5+ 30. Bxc5 Rc8 31. Be7 h6 32. g4 Kh7 33. Bf6 h5
34. Kf2 Rc4 35. Rd8 Rxf4+ 36. Kg3 Rxf6 37. exf6 hxg4 38. Kxg4 1-0

[Event "Ct. Tarragona indiv. Absolut"]
[Site "L'Hospitalet de l'Infant"]
[Date "2013.10.27"]
[Round "4"]
[White "Plasencia Martinez, V."]
[Black "Ordobas Martinez, V."]
[Result "1/2-1/2"]
[WhiteElo "2191"]
[BlackElo "2074"]
[PlyCount "41"]
[EventDate "2013.??.??"]
[EventType "swiss"]
[EventRounds "9"]

1. e4 e5 2. Nf3 Nc6 3. Bb5 a6 4. Ba4 Nf6 5. Qe2 b5 6. Bb3 Be7 7. O-O O-O 8. c3
d5 9. exd5 Nxd5 10. Nxe5 Nf4 11. Qe4 Nxe5 12. Qxf4 Bd6 13. Qe4 Rb8 14. d4 Bb7
15. Qf5 Qd7 16. Bc2 Qxf5 17. Bxf5 Ng6 18. Nd2 Bxg2 19. Kxg2 Nh4+ 20. Kg1 Nxf5
21. Ne4 1/2-1/2

[Event "Ct. Tarragona indiv. Absolut"]
[Site "L'Hospitalet de l'Infant"]
[Date "2013.10.27"]
[Round "4"]
[White "Quinza Garcia, A."]
[Black "Reig Pinol, A."]
[Result "0-1"]
[WhiteElo "1770"]
[BlackElo "2031"]
[PlyCount "66"]
[EventDate "2013.??.??"]
[EventType "swiss"]
[EventRounds "9"]

1. d4 d6 2. c4 e5 3. d5 f5 4. Nc3 Nf6 5. Bg5 Be7 6. Bxf6 Bxf6 7. e4 O-O 8. Nf3
Na6 9. Bd3 Nc5 10. O-O a5 11. Bc2 f4 12. Nd2 Qe8 13. b3 g5 14. g4 fxg3 15. fxg3
Bh3 16. Rf2 g4 17. Nf1 Bg5 18. Qe2 Qg6 19. Ne3 Bxe3 20. Qxe3 Rxf2 21. Qxf2 Rf8
22. Qe2 Rf3 23. Nb5 Na6 24. Re1 Nb4 25. Bb1 Na6 26. Qd2 Nc5 27. Qe2 Qf7 28. Bc2
h5 29. Qd1 Rf2 30. Kh1 Bg2+ 31. Kg1 Bf3 32. Qc1 Rg2+ 33. Kf1 Bxe4+ 0-1

[Event "Ct. Tarragona indiv. Absolut"]
[Site "L'Hospitalet de l'Infant"]
[Date "2013.10.27"]
[Round "4"]
[White "Romero Mendez, A."]
[Black "Espuny Cid, J."]
[Result "0-1"]
[WhiteElo "1979"]
[BlackElo "1705"]
[PlyCount "48"]
[EventDate "2013.??.??"]
[EventType "swiss"]
[EventRounds "9"]

1. d4 Nf6 2. e3 d5 3. f4 c5 4. c3 Nc6 5. Bd3 e6 6. Nd2 Bd6 7. Qf3 Bd7 8. Ne2
Qe7 9. O-O O-O-O 10. a3 Rdg8 11. e4 Nxe4 12. Nxe4 dxe4 13. Bxe4 f5 14. Bd3 Na5
15. Be3 Bc6 16. Qh3 c4 17. Bc2 g5 18. fxg5 h6 19. g6 Rxg6 20. g3 Rg4 21. Rxf5
exf5 22. Bxf5+ Kb8 23. Qxg4 Qxe3+ 24. Kf1 Bf3 0-1

[Event "Ct. Tarragona indiv. Absolut"]
[Site "L'Hospitalet de l'Infant"]
[Date "2013.10.27"]
[Round "4"]
[White "Sanchez Bernardino, MA."]
[Black "Latre Ferrer, JA."]
[Result "1-0"]
[WhiteElo "2029"]
[BlackElo "1905"]
[PlyCount "63"]
[EventDate "2013.??.??"]
[EventType "swiss"]
[EventRounds "9"]

1. e4 e6 2. d4 d5 3. e5 c5 4. c3 Qb6 5. Nf3 Bd7 6. Be2 Bb5 7. O-O Bxe2 8. Qxe2
Ne7 9. Rd1 Nbc6 10. Nbd2 cxd4 11. cxd4 a5 12. Nf1 Nf5 13. Ng3 Nxg3 14. hxg3 Be7
15. Be3 Rc8 16. g4 h6 17. g3 Kd7 18. Kg2 Nb4 19. Rd2 Qa6 20. Qd1 b5 21. Ne1 Qb7
22. a3 Na6 23. Nd3 Rc6 24. Qf3 Rf8 25. Qe2 Rfc8 26. f4 f6 27. exf6 gxf6 28. f5
e5 29. dxe5 d4 30. Bxh6 Rc2+ 31. Qf3 Rxd2+ 32. Bxd2 1-0

[Event "Ct. Tarragona indiv. Absolut"]
[Site "L'Hospitalet de l'Infant"]
[Date "2013.10.27"]
[Round "4"]
[White "Terreu Serra, F."]
[Black "Luke Brezmes, C."]
[Result "0-1"]
[WhiteElo "1940"]
[BlackElo "2109"]
[PlyCount "90"]
[EventDate "2013.??.??"]
[EventType "swiss"]
[EventRounds "9"]

1. d4 d5 2. Nf3 Nf6 3. e3 c5 4. dxc5 e6 5. a3 a5 6. c4 Bxc5 7. Nc3 O-O 8. Be2
Nc6 9. O-O Bd6 10. b3 Ne7 11. Bb2 dxc4 12. Nb5 c3 13. Bxc3 Ned5 14. Bxf6 gxf6
15. e4 Nf4 16. Nxd6 Nxe2+ 17. Qxe2 Qxd6 18. e5 fxe5 19. Nxe5 f6 20. Nc4 Qe7 21.
Rad1 Ra6 22. Qd2 e5 23. a4 Bg4 24. f3 Be6 25. Kh1 Rc8 26. Nxa5 Rb6 27. Rc1 Rd8
28. Qc2 Qb4 29. Nc4 Rc8 30. Rfd1 Qxb3 31. Qxb3 Rxb3 32. Na5 Rxc1 33. Rxc1 Rb4
34. Kg1 b6 35. Rc6 Bd5 36. Rd6 bxa5 37. Rxd5 Rxa4 38. Rd7 Ra2 39. Ra7 a4 40. h4
h5 41. Kh2 a3 42. Kh3 Ra1 43. g4 a2 44. Kg2 hxg4 45. fxg4 e4 0-1

[Event "Ct. Tarragona indiv. Absolut"]
[Site "L'Hospitalet de l'Infant"]
[Date "2013.11.03"]
[Round "5"]
[White "Benaiges Fontanet, G."]
[Black "Guasch Murtra, JM."]
[Result "0-1"]
[WhiteElo "2053"]
[BlackElo "1966"]
[PlyCount "58"]
[EventDate "2013.??.??"]
[EventType "swiss"]
[EventRounds "9"]

1. d4 Nf6 2. c4 e5 3. dxe5 Ng4 4. Nf3 Bc5 5. e3 Nc6 6. Be2 Ngxe5 7. a3 a5 8.
O-O d6 9. Nc3 Nxf3+ 10. Bxf3 Ne5 11. b3 Nxf3+ 12. Qxf3 O-O 13. Bb2 f5 14. Nd5
c6 15. Qg3 Rf7 16. b4 Ba7 17. Nf4 Bb8 18. Rfd1 a4 19. Rd2 Qe7 20. Rad1 Be6 21.
Nxe6 Qxe6 22. Qh4 Bc7 23. b5 Re8 24. b6 Bb8 25. c5 d5 26. Qxa4 f4 27. Bd4 f3
28. gxf3 Qh3 29. f4 Re6 0-1

[Event "Ct. Tarragona indiv. Absolut"]
[Site "L'Hospitalet de l'Infant"]
[Date "2013.11.03"]
[Round "5"]
[White "Benet Morant, D."]
[Black "Pujol Codinach, E."]
[Result "1/2-1/2"]
[WhiteElo "2037"]
[BlackElo "2068"]
[PlyCount "89"]
[EventDate "2013.??.??"]
[EventType "swiss"]
[EventRounds "9"]

1. d4 Nf6 2. c4 g6 3. Nf3 Bg7 4. g3 O-O 5. Bg2 d6 6. O-O Nbd7 7. Nc3 e5 8. e4
c6 9. b3 Re8 10. Bb2 Ng4 11. d5 c5 12. h3 Nh6 13. Nh4 f5 14. exf5 gxf5 15. Qc2
Nf8 16. Qe2 Ng6 17. Nxg6 hxg6 18. a3 Nf7 19. b4 b6 20. Rfe1 Bd7 21. f3 Qg5 22.
Kh2 e4 23. f4 Qh6 24. Nb5 Bxb5 25. cxb5 Bd4 26. bxc5 dxc5 27. Rad1 Qg7 28. Ba1
Nd6 29. g4 Bxa1 30. Rxa1 Kf7 31. a4 Rh8 32. Ra3 Qh6 33. Rf1 Qh4 34. Rg3 Qf6 35.
Rd1 a6 36. bxa6 c4 37. Rb1 Rxa6 38. Qe3 Rb8 39. a5 Rxa5 40. Rxb6 Rxb6 41. Qxb6
Rxd5 42. gxf5 Nxf5 43. Qc7+ Ke6 44. Qc8+ Kf7 45. Ra3 1/2-1/2

[Event "Ct. Tarragona indiv. Absolut"]
[Site "L'Hospitalet de l'Infant"]
[Date "2013.11.03"]
[Round "5"]
[White "Cabrera Royo, R."]
[Black "Guasch Figuerola, A."]
[Result "1-0"]
[WhiteElo "1935"]
[BlackElo "2072"]
[PlyCount "79"]
[EventDate "2013.??.??"]
[EventType "swiss"]
[EventRounds "9"]

1. d4 f5 2. Bg5 d5 3. e3 c6 4. c4 Qb6 5. Qc2 Nd7 6. Nc3 e6 7. Nf3 Ngf6 8. Be2
g6 9. O-O Bg7 10. a3 a5 11. Rab1 Ne4 12. Bf4 O-O 13. b4 axb4 14. axb4 Qd8 15.
b5 Nxc3 16. Qxc3 Nc5 17. Qb4 Ne4 18. Be5 Qa5 19. Qxa5 Rxa5 20. Ra1 Rxa1 21.
Rxa1 Nc3 22. Bf1 cxb5 23. cxb5 Bd7 24. Ra7 Bxe5 25. Nxe5 Bxb5 26. Bxb5 Nxb5 27.
Rxb7 Nd6 28. Re7 Re8 29. Rd7 Ne4 30. f3 Nf6 31. Ra7 Nh5 32. g4 fxg4 33. fxg4
Nf6 34. Kg2 Ne4 35. h4 g5 36. h5 Rf8 37. h6 Nf6 38. Rg7+ Kh8 39. Nf7+ Rxf7 40.
Rxf7 1-0

[Event "Ct. Tarragona indiv. Absolut"]
[Site "L'Hospitalet de l'Infant"]
[Date "2013.11.03"]
[Round "5"]
[White "Esplugas Esteve, V."]
[Black "Fernandez Fuentes, FX."]
[Result "1-0"]
[WhiteElo "2231"]
[BlackElo "2119"]
[PlyCount "51"]
[EventDate "2013.??.??"]
[EventType "swiss"]
[EventRounds "9"]

1. d4 Nf6 2. c4 g6 3. Nc3 Bg7 4. e4 d6 5. f4 c5 6. d5 O-O 7. Nf3 e6 8. dxe6
fxe6 9. Bd3 Nc6 10. O-O Nd4 11. Nxd4 cxd4 12. Nb5 e5 13. Qb3 Be6 14. Qb4 Ne8
15. f5 gxf5 16. exf5 Bf7 17. f6 Bxf6 18. Bh6 Bg7 19. Bxg7 Kxg7 20. c5 d5 21.
Rae1 a5 22. Qd2 e4 23. Nxd4 exd3 24. Nf5+ Kg8 25. Qh6 Qf6 26. Ne7+ 1-0

[Event "Ct. Tarragona indiv. Absolut"]
[Site "L'Hospitalet de l'Infant"]
[Date "2013.11.03"]
[Round "5"]
[White "Fernandez Alonso, MA."]
[Black "Plasencia Martinez, V."]
[Result "1-0"]
[WhiteElo "2087"]
[BlackElo "2191"]
[PlyCount "134"]
[EventDate "2013.??.??"]
[EventType "swiss"]
[EventRounds "9"]

1. d4 g6 2. c4 Nf6 3. Nc3 Bg7 4. e4 d6 5. h3 O-O 6. Be3 e5 7. d5 a5 8. g4 Na6
9. Nge2 c6 10. Ng3 cxd5 11. cxd5 Bd7 12. Be2 Nc5 13. f3 a4 14. Qd2 Ne8 15. O-O
Kh8 16. Bb5 Nc7 17. Bxd7 Qxd7 18. Rac1 b5 19. Nd1 N7a6 20. Nf2 Rfc8 21. h4 Bf8
22. Bg5 Be7 23. Bxe7 Qxe7 24. h5 Rg8 25. Kg2 Rac8 26. Rh1 g5 27. Nf5 Qd8 28.
Qe2 Qd7 29. Rc3 b4 30. Rc4 Rc7 31. Rhc1 f6 32. Nd3 Rb8 33. Qd2 b3 34. a3 Rb5
35. Nb4 Nb8 36. Qe3 Kg8 37. Qc3 Kf7 38. Kh2 Kf8 39. Ne3 Ke7 40. Ng2 Rbb7 41.
Ne1 Nba6 42. Nc6+ Kf7 43. Ng2 Rb5 44. Ne3 Nb8 45. Nb4 Qc8 46. Nf5 Qd7 47. Kg3
Kf8 48. h6 Rbb7 49. Nxd6 Qxd6 50. Rxc5 Rxc5 51. Qxc5 Qxc5 52. Rxc5 Rxb4 53.
axb4 a3 54. Rc1 a2 55. b5 Nd7 56. Kg2 Nb6 57. Kf1 Na4 58. Ke2 Nc3+ 59. Kd3 Nb1
60. Rc8+ Ke7 61. Ra8 Kd6 62. Kc4 Nd2+ 63. Kc3 Nxf3 64. b6 Kd7 65. b7 a1=Q 66.
Rxa1 Kc7 67. Ra8 Kxb7 1-0

[Event "Ct. Tarragona indiv. Absolut"]
[Site "L'Hospitalet de l'Infant"]
[Date "2013.11.03"]
[Round "5"]
[White "Fernandez Soriano, R."]
[Black "Rodriguez Marcos, JR."]
[Result "1/2-1/2"]
[WhiteElo "2122"]
[BlackElo "1985"]
[PlyCount "64"]
[EventDate "2013.??.??"]
[EventType "swiss"]
[EventRounds "9"]

1. Nf3 Nf6 2. c4 e6 3. g3 d5 4. b3 c5 5. cxd5 exd5 6. Bg2 Nc6 7. O-O Be7 8. d4
Be6 9. Bb2 O-O 10. Nc3 cxd4 11. Nxd4 Nxd4 12. Qxd4 Qd7 13. Rfd1 Rfd8 14. Rac1
b6 15. Qf4 Rac8 16. Nb1 Rxc1 17. Rxc1 Rc8 18. Nc3 h6 19. Qd2 a5 20. e3 Bb4 21.
a3 Bxc3 22. Rxc3 Ne4 23. Rxc8+ Qxc8 24. Qd4 Nf6 25. Bc3 b5 26. Bf1 b4 27. axb4
axb4 28. Bxb4 Ne4 29. Qd1 Qb7 30. Ba3 Ng5 31. g4 d4 32. Bg2 Bd5 1/2-1/2

[Event "Ct. Tarragona indiv. Absolut"]
[Site "L'Hospitalet de l'Infant"]
[Date "2013.11.03"]
[Round "5"]
[White "Luke Brezmes, C."]
[Black "Negreiro Pozo, B."]
[Result "1-0"]
[WhiteElo "2109"]
[BlackElo "1967"]
[PlyCount "67"]
[EventDate "2013.??.??"]
[EventType "swiss"]
[EventRounds "9"]

1. e4 e5 2. Nf3 Nc6 3. Bb5 a6 4. Ba4 Nf6 5. O-O Be7 6. Re1 b5 7. Bb3 O-O 8. h3
d6 9. c3 Na5 10. Bc2 c5 11. d4 cxd4 12. cxd4 Qc7 13. Nc3 Bd7 14. Bg5 Nc4 15.
Bxf6 Bxf6 16. Nd5 Qd8 17. b3 Nb6 18. Nxb6 Qxb6 19. dxe5 Be7 20. exd6 Bd8 21.
Qd3 Be6 22. Nd4 Rc8 23. e5 g6 24. Bd1 b4 25. Qd2 Qc5 26. Nxe6 fxe6 27. Bg4 Bb6
28. Bxe6+ Kg7 29. Kh1 Rxf2 30. Qd5 Qxd5 31. Bxd5 Bd4 32. Rad1 Bc3 33. Re4 Rd8
34. e6 1-0

[Event "Ct. Tarragona indiv. Absolut"]
[Site "L'Hospitalet de l'Infant"]
[Date "2013.11.03"]
[Round "5"]
[White "Regue Farran, E."]
[Black "Celma Querol, C."]
[Result "0-1"]
[WhiteElo "2053"]
[BlackElo "1818"]
[PlyCount "87"]
[EventDate "2013.??.??"]
[EventType "swiss"]
[EventRounds "9"]

1. e4 d5 2. exd5 Qxd5 3. Nc3 Qa5 4. d4 Nf6 5. Nf3 Bg4 6. Be2 Nbd7 7. O-O c6 8.
Ne5 Bxe2 9. Qxe2 e6 10. Re1 Nxe5 11. dxe5 Nd5 12. Ne4 h6 13. Bd2 Qc7 14. c4 Nb4
15. Bc3 O-O-O 16. c5 Nd5 17. Nd6+ Bxd6 18. exd6 Qd7 19. Bxg7 Rhg8 20. Bxh6 Rg6
21. Be3 Rdg8 22. g3 Rh8 23. Bd2 Qd8 24. Qe5 Qh4 25. Kf1 Qc4+ 26. Kg2 Qh4 27.
Kf1 Qc4+ 28. Kg2 Qh4 29. Re4 Qxh2+ 30. Kf3 Rf6+ 31. Bf4 Rh5 32. d7+ Kxd7 33.
Qd6+ Kc8 34. Qb8+ Kd7 35. Qxb7+ Kd8 36. Qb8+ Kd7 37. Qd6+ Ke8 38. Qxc6+ Kf8 39.
Qd6+ Kg7 40. Ke2 e5 41. Qxd5 exf4 42. Qd4 Rhf5 43. gxf4 Qh5+ 44. f3 0-1

[Event "Ct. Tarragona indiv. Absolut"]
[Site "L'Hospitalet de l'Infant"]
[Date "2013.11.03"]
[Round "5"]
[White "Reig Pinol, A."]
[Black "Espuny Cid, J."]
[Result "1-0"]
[WhiteElo "2031"]
[BlackElo "1705"]
[PlyCount "33"]
[EventDate "2013.??.??"]
[EventType "swiss"]
[EventRounds "9"]

1. d4 Nf6 2. Nf3 e6 3. e3 d5 4. Bd3 c5 5. b3 Nc6 6. O-O Nb4 7. Be2 Bd6 8. Bb2
O-O 9. Ne5 Bd7 10. a3 Nc6 11. Bd3 Qc7 12. f4 Ne4 13. Nxd7 Rfd8 14. Ne5 Nxe5 15.
fxe5 Bf8 16. Bxe4 dxe4 17. Nd2 1-0

[Event "Ct. Tarragona indiv. Absolut"]
[Site "L'Hospitalet de l'Infant"]
[Date "2013.11.03"]
[Round "5"]
[White "Vicient Calvo, R."]
[Black "Sanchez Bernardino, MA."]
[Result "0-1"]
[WhiteElo "1932"]
[BlackElo "2029"]
[PlyCount "66"]
[EventDate "2013.??.??"]
[EventType "swiss"]
[EventRounds "9"]

1. d4 Nf6 2. Bg5 c5 3. d5 Qb6 4. Bxf6 gxf6 5. Qc1 f5 6. Nd2 Bg7 7. c3 d6 8.
Ngf3 Nd7 9. Nc4 Qa6 10. e3 b5 11. Na3 Qb7 12. Bxb5 Qxd5 13. Qc2 O-O 14. Rd1 Qe6
15. Bc4 Qf6 16. Nb5 Nb6 17. Nc7 Rb8 18. Nd5 Nxd5 19. Bxd5 Ba6 20. Nd2 e6 21.
Bf3 Qe5 22. Be2 Bxe2 23. Kxe2 d5 24. Rb1 f4 25. Nf3 Qd6 26. exf4 Qxf4 27. Rhd1
Qc4+ 28. Ke1 Qxa2 29. Ng5 f5 30. g4 Qc4 31. Nxe6 fxg4 32. Qd3 Rbe8 33. Qe3 d4
0-1

[Event "Ct. Tarragona indiv. Absolut"]
[Site "L'Hospitalet de l'Infant"]
[Date "2013.11.10"]
[Round "6"]
[White "Beltran Reverter, JM."]
[Black "Benet Morant, D."]
[Result "0-1"]
[WhiteElo "1825"]
[BlackElo "2037"]
[PlyCount "86"]
[EventDate "2013.??.??"]
[EventType "swiss"]
[EventRounds "9"]

1. d4 Nf6 2. c4 g6 3. Nc3 Bg7 4. e4 d6 5. Nf3 O-O 6. Be2 e5 7. O-O Nc6 8. d5
Ne7 9. Qc2 Nh5 10. Ne1 Nf4 11. Nd3 Nxd3 12. Bxd3 f5 13. f3 f4 14. a3 g5 15. b4
g4 16. c5 Ng6 17. Be2 h5 18. cxd6 cxd6 19. Nb5 Rf7 20. Bb2 Bf8 21. Rac1 Qh4 22.
Bd1 Bd7 23. Nc3 Rg7 24. fxg4 hxg4 25. g3 fxg3 26. hxg3 Qxg3+ 27. Qg2 Qxg2+ 28.
Kxg2 Nf4+ 29. Kg3 Rh7 30. Ne2 Rh3+ 31. Kf2 Nd3+ 32. Kg2 Nxb2 33. Ng1 Nxd1 34.
Rfxd1 Rh7 35. Ne2 Bh6 36. Rc3 Rc8 37. Rxc8+ Bxc8 38. Ng3 Rc7 39. Nf5 Bxf5 40.
exf5 Bf4 41. Rd3 Rc2+ 42. Kf1 Kf7 43. Ke1 g3 0-1

[Event "Ct. Tarragona indiv. Absolut"]
[Site "L'Hospitalet de l'Infant"]
[Date "2013.11.10"]
[Round "6"]
[White "Bozhkov, K."]
[Black "Benaiges Fontanet, G."]
[Result "1-0"]
[WhiteElo "1747"]
[BlackElo "2053"]
[PlyCount "67"]
[EventDate "2013.??.??"]
[EventType "swiss"]
[EventRounds "9"]

1. e4 c6 2. d4 d5 3. Nc3 dxe4 4. Nxe4 Bf5 5. Ng3 Bg6 6. h4 h6 7. Nf3 Nd7 8. Bd3
Bxd3 9. Qxd3 Qc7 10. Bd2 e6 11. O-O-O Ngf6 12. c4 O-O-O 13. Bc3 Bd6 14. Ne4
Nxe4 15. Qxe4 Nf6 16. Qc2 Rhe8 17. Rhe1 Kb8 18. Qa4 Bf4+ 19. Kb1 g5 20. d5 Ng4
21. g3 exd5 22. gxf4 Qxf4 23. Bd4 Qxf3 24. Bxa7+ Kc7 25. Rxe8 Rxe8 26. cxd5 Ne5
27. Qd4 Nd7 28. dxc6 Qf5+ 29. Ka1 bxc6 30. Qd6+ Kc8 31. Qxc6+ Kd8 32. Bd4 Ke7
33. Re1+ Kf8 34. Qxh6+ 1-0

[Event "Ct. Tarragona indiv. Absolut"]
[Site "L'Hospitalet de l'Infant"]
[Date "2013.11.10"]
[Round "6"]
[White "Bru Rullo, L."]
[Black "Reig Pinol, A."]
[Result "1/2-1/2"]
[WhiteElo "2151"]
[BlackElo "2031"]
[PlyCount "80"]
[EventDate "2013.??.??"]
[EventType "swiss"]
[EventRounds "9"]

1. e4 Nc6 2. Nf3 Nf6 3. Nc3 d5 4. exd5 Nxd5 5. d4 Bg4 6. Be2 e6 7. O-O Bd6 8.
Re1 O-O 9. h3 Bh5 10. g3 h6 11. Ne4 f5 12. Nxd6 Qxd6 13. c4 Nf6 14. Bf4 Qd7 15.
Ne5 Nxe5 16. dxe5 Qxd1 17. Bxd1 Bxd1 18. exf6 g5 19. Bxc7 Bh5 20. Be5 Rfd8 21.
Bc3 Kf7 22. Re5 Rac8 23. Rae1 Rc6 24. b3 Bf3 25. R5e3 g4 26. hxg4 fxg4 27. Re5
Rh8 28. Kf1 Rg8 29. c5 Rd8 30. R1e3 Rd1+ 31. Re1 Rd3 32. Bb2 Rd2 33. Bc1 Rxa2
34. Bxh6 Kxf6 35. Bg5+ Kf7 36. Bc1 Bd5 37. b4 Rc8 38. Rh5 Rg8 39. Rh7+ Rg7 40.
Rh6 Rg6 1/2-1/2

[Event "Ct. Tarragona indiv. Absolut"]
[Site "L'Hospitalet de l'Infant"]
[Date "2013.11.10"]
[Round "6"]
[White "Celma Querol, C."]
[Black "Fernandez Soriano, R."]
[Result "0-1"]
[WhiteElo "1818"]
[BlackElo "2122"]
[PlyCount "88"]
[EventDate "2013.??.??"]
[EventType "swiss"]
[EventRounds "9"]

1. e4 c6 2. d4 d5 3. Nc3 b5 4. exd5 b4 5. Nce2 cxd5 6. Nf3 Nf6 7. Ng3 Qb6 8.
Bd3 e6 9. O-O Nc6 10. Re1 Be7 11. Bf4 O-O 12. Be5 Ba6 13. h4 Bxd3 14. Qxd3 g6
15. h5 Nd7 16. hxg6 hxg6 17. Rad1 Ndxe5 18. Nxe5 Nxe5 19. Rxe5 Bf6 20. Ree1
Rac8 21. Ne2 Qc6 22. c3 bxc3 23. Nxc3 Qc4 24. Qg3 Bxd4 25. Ne2 Bg7 26. Nf4 d4
27. Rc1 Qxa2 28. Nd3 Rxc1 29. Rxc1 Qb3 30. Qf3 Qb8 31. Rc4 Rc8 32. Rb4 Qd6 33.
Rb7 Rc7 34. Rb8+ Kh7 35. Qh3+ Bh6 36. g4 Qd5 37. Qg3 Rb7 38. Rc8 Rb3 39. Rc7
Kg8 40. Rxa7 Bg7 41. Qc7 e5 42. Qc8+ Kh7 43. Nc5 Rh3 44. f3 Qxf3 0-1